Análisis de la materia / (Record no. 177773)

MARC details
000 -LEADER
campo de control de longitud fija 00800nam a22002415i 4500
001 - NÚMERO DE CONTROL
campo de control 177773
003 - IDENTIFICADOR DE NÚMERO DE CONTROL
campo de control ES-MaACL
005 - FECHA Y HORA DE LA ÚLTIMA TRANSACCIÓN
campo de control 20240825063042.0
008 - DATOS DE LONGITUD FIJA--INFORMACIÓN GENERAL
campo de control de longitud fija 110420s1929 sp |||| | spa d
080 ## - NÚMERO DE LA CLASIFICACIÓN DECIMAL UNIVERSAL
Número de la Clasificación Decimal Universal 117
080 ## - NÚMERO DE LA CLASIFICACIÓN DECIMAL UNIVERSAL
Número de la Clasificación Decimal Universal 53:1
100 1# - ENTRADA PRINCIPAL--NOMBRE DE PERSONA
Nombre de persona Russell, Bertrand,
Fechas asociadas al nombre 1872-1970
9 (RLIN) 101033
245 10 - MENCIÓN DEL TÍTULO
Título Análisis de la materia /
Mención de responsabilidad, etc. Bertrand Russell ; traducción del inglés por Eulogio Mellado.
260 ## - PUBLICACIÓN, DISTRIBUCIÓN, ETC.
Lugar de publicación, distribución, etc. Madrid :
Nombre del editor, distribuidor, etc. Revista de Occidente,
Fecha de publicación, distribución, etc. [1929?]
300 ## - DESCRIPCIÓN FÍSICA
Extensión 414 p. ;
Dimensiones 23 cm.
490 1# - MENCIÓN DE SERIE
Mención de serie Nuevos hechos, nuevas ideas ;
Designación de volumen o secuencia 28
650 04 - PUNTO DE ACCESO ADICIONAL DE MATERIA--TÉRMINO DE MATERIA
Término de materia o nombre geográfico como elemento de entrada Materia.
9 (RLIN) 146244
650 04 - PUNTO DE ACCESO ADICIONAL DE MATERIA--TÉRMINO DE MATERIA
Término de materia o nombre geográfico como elemento de entrada Física-
Subdivisión general Filosofía.
9 (RLIN) 12881
700 0# - ENTRADA AGREGADA--NOMBRE PERSONAL
Nombre de persona Mellado, Eulogio.
9 (RLIN) 79986
830 1# - PUNTO DE ACCESO ADICIONAL DE SERIE-TÍTULO UNIFORME
Título uniforme Nuevos hechos, nuevas ideas ;
Designación de volumen o secuencia 28
9 (RLIN) 184426
852 ## - LOCALIZACIÓN
Ubicación ES-MaACL
Número de control de estantería E-14978
Encuadernación Olim P-209
Holdings
Estatus retirado Estado de pérdida Estado de daño No para préstamo Biblioteca de origen Biblioteca actual Ubicación en estantería Fecha de adquisición Fuente de adquisición Total de préstamos Signatura topográfica completa Código de barras Visto por última vez Precio de reemplazo Tipo de ítem Koha
        Biblioteca del Ateneo de Madrid Biblioteca del Ateneo de Madrid Depósito 2 20/04/2011     E-14978 1186755 23/02/2023 23/02/2023 Libro impreso